Laddar...
Asian laughter - an anthology of orientl staire and Humor
| Huvudupphovsman: | |
|---|---|
| Materialtyp: | Printed Book |
| Språk: | English |
| Publicerad: |
New York Weather Hill
New York Weather Hill
1971
|
| LEADER | 00536nam a2200133Ia 4500 | ||
|---|---|---|---|
| 008 | 111205s9999 xx 000 0 eng d | ||
| 082 | |a 853 VIJ/A | ||
| 100 | |a Feinberg ,Leonard | ||
| 245 | |a Asian laughter - an anthology of orientl staire and Humor |c Feinberg ,Leonard | ||
| 260 | |b New York Weather Hill |a New York Weather Hill |c 1971 | ||
| 300 | |a 576 | ||
| 942 | |c BK | ||
| 999 | |c 217575 |d 217575 | ||
| 952 | |0 0 |1 0 |2 ddc |4 0 |6 E_857_080000000000000_FEI_A |7 0 |9 240471 |a MAL |b MAL |c ST1 |d 2011-12-05 |g 85.00 |l 0 |o E 857.08 FEI/A |p MAL20208 |r 2011-12-05 |v 85.00 |w 2011-12-05 |y BK | ||